000
00220nam a2200097Ia 4500
008
170619s9999 xx 000 0 und d
100
_a
Mishra- R. C.
245
0
_a
MODERN PROJECT MANAGEMENT
260
_b
New Age
260
_c
2009
546
_a
ENGLISH
999
_c
18886
_d
18886